00666nam a2200157Ia 4500008004100000020001800041050002500059100002300084245009400107260003200201300002600233500007200259650004600331952011400377999001700491120721s9999 xx 000 0 und d a970-15-0037-7 aQA76.76W56 B844 1995 aBretschneider, Udo aWindows 3.1 para todos : el libro de computación para principiantes / Udo Bretschneider aMéxico : Alfaomega, c1995 a295 p. : il. ; 22 cm. aTraducción de la obra en alemán Coedición: Computec: Marcombo a1. Windows (Programa para computadora)Ì 00104070a08b08d2008-12-17l2oQA76.76W56 B844 1995p08 001499r2017-06-09s2017-06-09t1w2012-07-20yLB c81306d81306